Socio-Economic Barriers and Development Opportunities of Electromobility as Key Technological Innovation of Transportations

Identifikácia prekážok a možností rozvoja elektromobility na základe výskumu. Odporúčania automobilovým výrobcom.

Guardado en:
Detalles Bibliográficos
Autor principal: Drábik, Peter, 1981-
Otros Autores: Krnáčová, Paulína, 1983-
Formato: Capítulo de libro
Lenguaje:inglés
Materias:
Etiquetas: Agregar Etiqueta
Sin Etiquetas, Sea el primero en etiquetar este registro!

MARC

LEADER 00000naa$a2200000$$$4500
001 0240964
005 20240502073925.0
041 0 |a eng 
044 |a SK 
245 1 0 |a Socio-Economic Barriers and Development Opportunities of Electromobility as Key Technological Innovation of Transportations  |c Peter Drábik, Paulína Krnáčová 
520 |a Identifikácia prekážok a možností rozvoja elektromobility na základe výskumu. Odporúčania automobilovým výrobcom. 
610 2 0 |a elektromobily 
610 2 0 |a inovácie environmentálne 
610 2 0 |a ekológia 
610 2 0 |a doprava 
610 2 0 |a logistika elektronická 
610 2 0 |a logistika 
610 2 0 |a zákazníci 
100 1 |a Drábik, Peter, 1981- 
700 1 |a Krnáčová, Paulína, 1983-